| 000 | 00574nam a2200205Ia 4500 | ||
|---|---|---|---|
| 005 | 20260429111925.0 | ||
| 008 | 260429s9999||||xx |||||||||||||| ||und|| | ||
| 020 | _a9789349557550 | ||
| 041 | _aEnglish | ||
| 082 |
_a930.109 _bMAT |
||
| 100 | _aMate, Madhukar Shripad | ||
| 245 | 0 |
_aArchaeology of medieval India / _cMadhukar Shripad Mate |
|
| 250 | _a1st ed. | ||
| 260 |
_aNew Delhi : _bB.R. Publishing Corporation, _c2026. |
||
| 300 | _ax, 107+ p.; hb | ||
| 650 | _a Historical studies | ||
| 650 | _a Medieval India | ||
| 650 | _aArchaeology-India | ||
| 942 | _cTB | ||
| 999 |
_c51453 _d51453 |
||